=LDR 00000nam 2200000 4500 =001 INLIS000000000014108 =005 20130612105414 =008 ***********************************Ind** =035 ##$$a0010-061300000014108 =041 ##$$a Ind =082 ##$$a 415 =090 ##$$a 415, Sab m =100 ##$$a Sabariyanto, Dirgo =245 ##$$a Mengapa disebut bentuk baku dan tidak baku? jilid 2, Dirgo Sabariyanto =260 ##$$a 2001 $b Yogyakarta =300 ##$$a viii, 427 hlm, 24 cm =650 ##$$a Bahasa Indonesia =850 ##$$a NBPNMAT =990 ##$$a 21195823/BPAP-NTB/2014